| 000 | 00432nam a2200133Ia 4500 | ||
|---|---|---|---|
| 008 | 220216s9999 xx 000 0 und d | ||
| 100 | _aAdhikary Abhijit | ||
| 245 | 0 | _aEffect of modified carbon black on the processing of NR and SBR-based compounds | |
| 260 |
_bProgress in Rubber, Plastics and Recycling Technology _c2009 |
||
| 300 | _a165-186 | ||
| 700 | _aMukhopadhyay Rabindra | ||
| 700 | _aSengupta Pranab Kumar | ||
| 942 | _cJS | ||
| 999 |
_c57962 _d57962 |
||